Largest countries in the world - Statistics

General Stats
  • This quiz has been taken 23 times
  • The average score is 13 of 15
Answer Stats
Hint Answer % Correct
S. America Brazil
100%
N. America Canada
100%
Asia China
100%
Eurasia Russia
100%
S. America Argentina
95%
Oceania Australia
95%
N. America United States
95%
Africa Algeria
91%
Asia India
91%
N. America Mexico
86%
Asia Kazakhstan
82%
Africa DR Congo
77%
Africa Sudan
73%
Asia Indonesia
68%
Asia Saudi Arabia
50%
No matching quizzes found
Score Distribution
Percent of People with Each Score
Percentile by Number Answered
Your Score History
You have not taken this quiz